Подробности
| 000 -МАРКЕР |
| контрольное поле |
01410nam0a22002891 4500 |
| 001 - ИДЕНТИФИКАТОР ЗАПИСИ |
| контрольное поле |
rc\2592683 |
| 005 - ИДЕНТИФИКАТОР ВЕРСИИ |
| контрольное поле |
20260406065036.0 |
| 035 ## - ДРУГИЕ СИСТЕМНЫЕ НОМЕРА |
| Идентификатор записи |
(NLR Aleph) 006756943 |
| 100 ## - ДАННЫЕ ОБЩЕЙ ОБРАБОТКИ |
| Данные общей обработки |
20110914d1929 |||y0rusy50 ca |
| 101 0# - ЯЗЫК РЕСУРСА |
| Язык текста, звукозаписи и т.д. |
русский |
| 102 ## - СТРАНА ПУБЛИКАЦИИ ИЛИ ПРОИЗВОДСТВА |
| Страна публикации |
российская федерация |
| 105 ## - ПОЛЕ КОДИРОВАННЫХ ДАННЫХ: ТЕКСТОВЫЕ МАТЕРИАЛЫ, МОНОГРАФИЧЕСКИЕ |
| Кодированные данные о монографическом текстовом документе |
y z ||||| |
| 200 1# - ЗАГЛАВИЕ И СВЕДЕНИЯ ОБ ОТВЕТСТВЕННОСТИ |
| Основное заглавие |
Рыбьи тропы |
| Сведения, относящиеся к заглавию |
Альманах |
| Первые сведения об ответственности |
Под ред. Мих. Волкова |
| Последующие сведения об ответственности |
Предисл. Михаила Пришвина |
| -- |
Вступ. статья Сергея Качиони |
| 210 ## - ПУБЛИКАЦИЯ, РАСПРОСТРАНЕНИЕ И ДР. |
| Место издания, распространения и т.д. |
Москва |
| Имя издателя, распространителя и т. д. |
Моск. т-во писателей |
| Дата издания, распространения и т.д. |
MCMXXIX [1929] |
| Место изготовления |
Ленинград |
| Имя изготовителя |
гос. тип. им. Евг. Соколовой |
| 215 ## - ФИЗИЧЕСКАЯ ХАРАКТЕРИСТИКА |
| Специфическое обозначение материала и объем |
312, [2] с., [6] с. объявл. |
| Размеры |
21х15 см. |
| 300 ## - ОБЩИЕ ПРИМЕЧАНИЯ |
| Текст примечания |
Доб. тит. лист: "Литературно-художественный рыболовный альманах. Под ред. Мих. Волкова..." |
| 300 ## - ОБЩИЕ ПРИМЕЧАНИЯ |
| Текст примечания |
Обложка: Константин Казанский |
| 702 #1 - ИМЯ ЛИЦА - ВТОРИЧНАЯ ОТВЕТСТВЕННОСТЬ |
| Код отношения |
Автор введения, предисловия, примечания и т.п. |
| Материалы, к которым относится поле |
rus |
| Графика поля |
Кириллица |
| Начальный элемент ввода |
Пришвин |
| Часть имени, кроме начального элемента ввода |
М. М. |
| Даты |
1873-1954 |
| Расширение инициалов личного имени |
Михаил Михайлович |
| Идентификатор авторитетной/нормативной записи |
RU\NLR\AUTH\7724538 |
| Системный номер авторитетной/нормативной записи |
7589 |
| 702 #1 - ИМЯ ЛИЦА - ВТОРИЧНАЯ ОТВЕТСТВЕННОСТЬ |
| Код отношения |
Редактор |
| Начальный элемент ввода |
Волков |
| Часть имени, кроме начального элемента ввода |
М. И. |
| Дополнения к именам, кроме дат |
писатель |
| Даты |
1886-1946 |
| Расширение инициалов личного имени |
Михаил Иванович |
| Системный номер авторитетной/нормативной записи |
209834 |
| Идентификатор авторитетной/нормативной записи |
RU\NLR\AUTH\770209888 |
| 702 #1 - ИМЯ ЛИЦА - ВТОРИЧНАЯ ОТВЕТСТВЕННОСТЬ |
| Начальный элемент ввода |
Качиони |
| Часть имени, кроме начального элемента ввода |
С. |
| Расширение инициалов личного имени |
Сергей |
| Код отношения |
Автор введения, предисловия, примечания и т.п. |
| 801 #0 - ИСТОЧНИК ЗАПИСИ |
| Страна |
российская федерация |
| Организация |
NLR |
| Правила каталогизации |
psbo |
| 801 #1 - ИСТОЧНИК ЗАПИСИ |
| Страна |
российская федерация |
| Организация |
ELAR |
| Источник данных |
rusmarc |
| 852 ## - МЕСТОНАХОЖДЕНИЕ И ШИФР ХРАНЕНИЯ |
| Идентификатор организации |
NLR |
| Шифр хранения (Call Number) |
73/265 |
| 942 ## - ДОПОЛНИТЕЛЬНЫЕ ЭЛЕМЕНТЫ ЗАПИСИ (АБИС) |
| Тип экземпляра АБИС |
Книга |
| 980 ## - КОЛЛЕКЦИЯ |
| Название коллекции |
Национальная библиография |